Discurso en favor de las universidades libres pronunciado en el Senado el 16, 23, 24, y 30 de agosto de 1910
Guardat en:
| Autor principal: | |
|---|---|
| Format: | Llibre |
| Idioma: | espanyol |
| Publicat: |
Santiago
Imprenta y Encuadernación Chile
1910
|
| Edició: | 1a. ed |
| Matèries: | |
| Etiquetes: |
Afegir etiqueta
Sense etiquetes, Sigues el primer a etiquetar aquest registre!
|
MARC
| LEADER | 00000cam a2200000 a 4500 | ||
|---|---|---|---|
| 001 | UCE6384 | ||
| 003 | CL-VaPUC | ||
| 008 | 150409e19100000cl |||||||||||||||||spa|d | ||
| 082 | 0 | 4 | |a 378.983 |b CIF |2 21 |
| 100 | 0 | |a Cifuentes, Abdón |e author |9 345269 | |
| 245 | 1 | 0 | |a Discurso en favor de las universidades libres pronunciado en el Senado el 16, 23, 24, y 30 de agosto de 1910 |
| 250 | |a 1a. ed | ||
| 300 | |a 116 p | ||
| 942 | |c BK | ||
| 945 | |d 20150409 10:07:00 |a dcastane | ||
| 260 | |a Santiago |b Imprenta y Encuadernación Chile |c 1910 | ||
| 650 | 0 | |a Educación superior |9 223851 | |
| 650 | 0 | |a Universidades chilenas |9 407335 | |
| 650 | 0 | |a Política educacional |9 308011 | |
| 650 | 0 | |a Reforma educacional |9 256319 | |
| 583 | |a last modification |c 20150409 10:07:00 |k Rodrigo Vera | ||
| 999 | |c 358716 |d 358714 | ||
| 952 | |0 0 |1 0 |3 erb |4 0 |6 378_983000000000000_CIF_1910 |7 0 |8 X |9 467592 |a FDOBUD |b FDOBUD |i 515801K |o 378.983 CIF 1910 |p 515801K |r 2019-11-23 |w 2019-11-23 |y BK_X |z Catalogado en:20150409 |k BUD | ||